000 00510nam a2200169Ia 4500
008 090711s9999 xx 000 0 und d
082 _b69094
100 _aपाटील देवदत्त
245 _aसौदा
260 _bमधुराज पब्लिकेशन प्र. लि.
_c1992
300 _a340
600 _aपाटील देवदत्त
630 _aसौदा
700 _aपाटील देवदत्त
730 _aसौदा
942 _cBOOK
999 _c303940
_d303940